[Event "Valdepenas U1600 1st op"]
[Site "Valdepenas"]
[Date "2019.07.27"]
[Round "1.8"]
[White "Hellin Manzano, Felipe"]
[Black "Rosado Poveda, Vicente"]
[Result "0-1"]
[WhiteElo "1468"]
[BlackElo "1059"]
[PlyCount "106"]
[EventDate "2019.07.27"]
[EventType "swiss (rapid)"]
[EventRounds "7"]
[EventCountry "ESP"]
[SourceTitle "EXT 2024"]
[Source "ChessBase"]
[SourceDate "2023.10.10"]
[SourceVersion "1"]
[SourceVersionDate "2023.10.10"]
[SourceQuality "1"]

1. d4 d5 2. c4 e6 3. a3 Nf6 4. Nc3 c6 5. Bf4 Bd6 6. Bg5 Nbd7 7. c5 Be7 8. Nf3 b6 9. b4 bxc5 10. dxc5 Qc7 11. e3 Ne5 12. Nd4 a6 13. Be2 Rb8 14. 0-0 h6 15. Bf4 g5 16. Bg3 h5 17. Rc1 h4 18. Bxe5 Qxe5 19. Nxc6 Qc7 20. Nxb8 Qxb8 21. Qa4+ Kf8 22. Qa5 e5 23. Qb6 Qa8 24. c6 d4 25. exd4 exd4 26. Na4 h3 27. g3 g4 28. Nc5 Nd5 29. Qa5 Nc3 30. Rfe1 Qxc6 31. Bf1 Bxc5 32. Qxc5+ Qxc5 33. bxc5 Bf5 34. Re5 Bc8 35. c6 Rh6 36. Rc5 Ke7 37. Rc4 Rd6 38. R4xc3 dxc3 39. Rxc3 Rd1 40. Rd3 Rc1 41. f4 Rxc6 42. Re3+ Kf6 43. Kf2 Rc2+ 44. Be2 Bb7 45. Ke1 Rc1+ 46. Kd2 Rh1 47. Bxg4 Rxh2+ 48. Kc3 Rh1 49. Rd3 h2 50. Rd6+ Kg7 51. f5 Rc1+ 52. Kd2 h1Q 53. f6+ Kg6 0-1